[Event "Synthesia Rapid Open"]
[Site "Pardubice CZE"]
[Date "2007.07.18"]
[Round "5"]
[White "Dvoirys,S"]
[Black "Zakhartsov,V"]
[Result "1/2-1/2"]
[WhiteElo "2577"]
[BlackElo "2559"]

1.e4 c5 2.Nf3 d6 3.d4 cxd4 4.Nxd4 Nf6 5.Nc3 a6 6.g3 e5 7.Nb3 Nbd7 8.Bg2 Be7
9.O-O b5 10.a4 b4 11.Nd5 Nxd5 12.Qxd5 Rb8 13.a5 O-O 14.Re1 Qc7 15.Be3 Nc5
16.Nxc5 dxc5 17.f4 Be6 18.Qxe5 Qxe5 19.fxe5 Rfd8 20.Bf1 c4 21.Bb6 Rdc8 22.Red1 Kf8
23.Kf2 Rc6 24.Ke3 Bg5+ 25.Kf3 Be7 26.Rd5 h5 27.h4 Rbc8 28.Kf4 Bc5 29.Bxc5+ Rxc5
30.Rxc5 Rxc5 31.Ra4 Rc8 32.Ke3 Rb8 33.c3 bxc3 34.bxc3 Rb5 35.Kd4 Ke7 36.Bxc4 Bxc4
37.Kxc4 Rxe5 38.Kd4 Kd6 39.c4 f6 40.Ra3 Kc6 41.Ra2 Kd6  1/2-1/2

[Event "Najdorf Mem GpA"]
[Site "Grodzisk Mazowiecki POL"]
[Date "2007.07.20"]
[Round "1"]
[White "Sharapov,E"]
[Black "Matuszewski,M"]
[Result "1-0"]
[WhiteElo "2437"]
[BlackElo "2144"]

1.e4 c5 2.Nf3 d6 3.d4 cxd4 4.Nxd4 Nf6 5.Nc3 a6 6.g3 e5 7.Nb3 Be7 8.a4 O-O
9.Bg2 b6 10.O-O Nbd7 11.Re1 Bb7 12.Nd2 Rc8 13.Nf1 Nc5 14.Bg5 Ne6 15.Bd2 Qc7
16.Ne3 Nd4 17.Rc1 Qd7 18.b3 b5 19.axb5 Nxb5 20.Nc4 Qe6 21.Nd5 Bd8 22.Nxf6+ Bxf6
23.Nb6 Rb8 24.Nd5 Bxd5 25.exd5 Qd7 26.c4 Nd4 27.b4 a5 28.b5 Bd8 29.Ra1 Ra8
30.Ra4 Bb6 31.Kh1 Qf5 32.f4 Rfe8 33.fxe5 Rxe5 34.Rf1 Qg6 35.Bc3 Re4 36.c5 dxc5
37.d6 Rd8 38.Bxa5 Bxa5 39.Rxa5 Re5 40.b6 Qxd6 41.b7 c4 42.Ra8 Ree8 43.Qa4 Rf8
44.Qxc4 Ne6 45.Rc8 Qd7 46.Rc1  1-0

[Event "Czech Open GMA"]
[Site "Pardubice CZE"]
[Date "2007.07.27"]
[Round "8"]
[White "Vasjukov,A"]
[Black "Netzer,Je"]
[Result "1/2-1/2"]
[WhiteElo "2198"]
[BlackElo "2383"]

1.e4 c5 2.Nf3 d6 3.d4 cxd4 4.Nxd4 Nf6 5.Nc3 a6 6.g3 e6 7.Bg2 Qc7 8.O-O Bd7
9.g4 h6 10.f4 Nc6 11.Nb3 Be7 12.Kh1 Nh7 13.Be3 b5 14.a4 b4 15.Ne2 O-O 16.a5 e5
17.Bb6 Qb7 18.h3 Rac8 19.Ng3 Rfe8 20.Nf5 Bxf5 21.exf5 Bf8 22.Qd3 Nf6 23.fxe5 dxe5
24.Nd2 Qd7 25.Ne4 Qxd3 26.Nxf6+ gxf6 27.cxd3 b3 28.Bd5 Nb4 29.Bxb3 Nxd3 30.Rad1 Nxb2
31.Rd7 Be7 32.Rf2 Rc1+ 33.Kg2 Nc4 34.Ra7 Kf8 35.Re2 Rb8 36.Bxc4 Rxc4 37.Be3 Bd8
38.Bxh6+ Kg8 39.Rxa6 Ra4 40.Bd2 Ra2 41.Rf2 Be7 42.Be3 Ra3 43.Bb6 Rc8 44.Ra7 Bd6
45.Rd2 Rc6 46.Re2 Rcc3 47.Bf2 Rxh3 48.a6 e4 49.Rd7 Rh2+ 50.Kg1 Ra1+ 51.Re1 Ra2
52.Rxd6 Raxf2  1/2-1/2

[Event "11th Festival Open A"]
[Site "Senta SRB"]
[Date "2007.07.27"]
[Round "9"]
[White "Bojanic,B"]
[Black "Cvetkovic,N"]
[Result "1-0"]
[WhiteElo "2187"]
[BlackElo "2276"]

1.e4 c5 2.Nf3 d6 3.d4 cxd4 4.Nxd4 Nf6 5.Nc3 a6 6.g3 e5 7.Nde2 Nbd7 8.Bg2 b5
9.Nd5 Bb7 10.a4 Nxd5 11.exd5 bxa4 12.O-O Be7 13.Be3 Nb6 14.Bxb6 Qxb6 15.c4 O-O
16.Qxa4 f5 17.Rac1 a5 18.Rc2 Rac8 19.b4 Qxb4 20.Qxb4 axb4 21.Rb1 Rc7 22.Rxb4 Rfc8
23.Ra4 Kf7 24.h4 Ke8 25.Ra7 Ba8 26.Rca2 Rxa7 27.Rxa7 Bf6 28.c5 e4 29.c6 Bxc6
30.dxc6 Rxc6 31.g4 Rc2 32.Kf1 Rb2 33.Ke1 Bxh4 34.gxf5 e3 35.Ra1 Bxf2+ 36.Kf1 Ke7
37.Bd5 Kf6 38.Ra7 Rb1+ 39.Kg2 Re1 40.Kf3 Kxf5 41.Rxg7 h5 42.Be4+ Kf6 43.Rg6+ Ke7
44.Nd4 h4 45.Nf5+ Kd7 46.Rxd6+ Kc7 47.Rh6 Rh1 48.Nxe3 Bxe3 49.Kxe3 Rh2 50.Kd4 Kd7
51.Ke5 Kc7 52.Kd5 Rh3 53.Rc6+ Kb8 54.Rh6 Kc7 55.Kc5 Rc3+ 56.Kd4 Rh3 57.Kd5 Rh2
58.Rh7+ Kb6 59.Kd6 Kb5 60.Bd5 Kb4 61.Rc7 Ka3 62.Rb7 Rb2 63.Ra7+ Kb4 64.Rc7 h3
65.Rc4+ Kb5 66.Rh4 h2 67.Bc6+ Kb6 68.Rh8 Rd2+ 69.Bd5 Rc2 70.Rb8+ Ka6 71.Rb1 Ka5
72.Bc6 Rd2+ 73.Kc7 Rc2 74.Rb5+ Ka6 75.Rh5  1-0

[Event "Open"]
[Site "Olomouc CZE"]
[Date "2007.08.05"]
[Round "4"]
[White "Netzer,Je"]
[Black "Cerveny,M"]
[Result "1/2-1/2"]
[WhiteElo "2383"]
[BlackElo "2304"]

1.e4 c5 2.Nf3 d6 3.d4 cxd4 4.Nxd4 Nf6 5.Nc3 a6 6.g3 e5 7.Nde2 Nbd7 8.Bg2 b5
9.Bg5 Bb7 10.O-O Be7 11.Bxf6 Nxf6 12.Qd2 O-O 13.a3 Rc8 14.h3 Rc4 15.Qd3 Qb6
16.g4 Rfc8 17.g5 Nh5 18.h4 d5 19.Nxd5 Bxd5 20.Qxd5 Rxc2 21.Rac1 Rxc1 22.Rxc1 Rxc1+
23.Nxc1 Qd6 24.Nd3 Qxd5 25.exd5 f6 26.b4 Nf4 27.gxf6 gxf6 28.Nxf4 exf4 29.Bh3 Bd8
30.Bc8 a5 31.bxa5 Bxa5 32.Ba6 b4 33.a4 b3 34.Kg2 b2 35.Bd3 h6 36.Kf3 Bb6
37.Kxf4 Bxf2 38.a5 Kf7 39.a6 Ke7 40.Kf5 Kd6 41.Be4 h5 42.Kg6 Ke5 43.Bb1 Kxd5
44.Kxh5 Kc6 45.Kg4 Bxh4 46.Kxh4 Kb6 47.Kg4 Kxa6  1/2-1/2

[Event "Scandinavian Chess Tournament"]
[Site "Taby SWE"]
[Date "2007.08.05"]
[Round "2"]
[White "Malmdin,N"]
[Black "Olsson,L"]
[Result "1/2-1/2"]
[WhiteElo "2259"]
[BlackElo "2377"]

1.e4 c5 2.Nf3 d6 3.d4 cxd4 4.Nxd4 Nf6 5.Nc3 a6 6.g3 Bd7 7.Bg2 Nc6 8.O-O e6
9.h3 Be7 10.a4 Qc7 11.Re1 Rc8 12.g4 h6 13.Nde2 g5 14.Ng3 Ne5 15.Qe2 Qa5 16.Ra3 Bc6
17.Bd2 Qc7 18.b4 Bd7 19.Rb3 Nc4 20.Bc1 b5 21.axb5 axb5 22.f4 gxf4 23.Bxf4 Ne5
24.Rf1 Qc4 25.Qd2 Qc7 26.Qf2 Rh7 27.Ra1 Qb8 28.Be3 Bd8 29.Kh1 Rh8 30.Bd4 Rg8
31.Rf1 Rg7 32.Qd2 Rh7 33.Qf2 Rc4 34.Ra1 Rh8 35.Rf1 Rh7  1/2-1/2

[Event "Scandinavian Chess Tournament"]
[Site "Taby SWE"]
[Date "2007.08.07"]
[Round "6"]
[White "Wang Hao"]
[Black "Li Chao2"]
[Result "1/2-1/2"]
[WhiteElo "2624"]
[BlackElo "2529"]

1.e4 c5 2.Nf3 d6 3.d4 cxd4 4.Nxd4 Nf6 5.Nc3 a6 6.g3 e5 7.Nb3 Bg4 8.Be2 Bh3
9.g4 d5 10.g5 Nxe4 11.Qxd5 Nxc3 12.Qxe5+ Be6 13.Qxc3 Nc6 14.O-O Bd6 15.Qxg7 Be5
16.Qh6 Qc7 17.Be3 O-O-O 18.Nc5 Bf5 19.Bd3 Bg6 20.f4 Bd4 21.Qh3+ Kb8 22.Rae1 Bxd3
23.Nxd3 h6 24.Qg3 Bxe3+ 25.Rxe3 Nd4 26.f5 Qxg3+ 27.hxg3 Nxc2 28.Ref3 hxg5
29.Ne5 Rh7 30.Rd3 Rxd3 31.Nxd3 f6 32.Nc5 Rc7 33.Ne6 Rd7 34.Nc5 Rd4 35.Rf3 b6
36.Rb3 Ka7 37.Ne6 Rd2 38.Rc3 b5 39.Rc7+ Kb6 40.Rf7 Ne3 41.Rxf6 Rxb2 42.Rg6  1/2-1/2

[Event "UTwente YM"]
[Site "Hengelo NED"]
[Date "2007.08.08"]
[Round "5"]
[White "Hoolt,S"]
[Black "Kuzubov,Y"]
[Result "0-1"]
[WhiteElo "2187"]
[BlackElo "2568"]

1.e4 c5 2.Nf3 d6 3.d4 cxd4 4.Nxd4 Nf6 5.Nc3 a6 6.g3 e5 7.Nde2 Be7 8.Bg2 Be6
9.O-O O-O 10.h3 Nc6 11.Be3 b5 12.a4 b4 13.Nd5 Bxd5 14.exd5 Na5 15.b3 Nb7
16.g4 Nd7 17.Ng3 Bg5 18.Qd2 Bxe3 19.fxe3 a5 20.Rf5 Rc8 21.Bf1 Qh4 22.Kg2 Nbc5
23.Bc4 Qxg3+  0-1

[Event "RC Sport Open"]
[Site "Ceska Trebova CZE"]
[Date "2007.08.11"]
[Round "3"]
[White "Hodova,L"]
[Black "Hrabusa,M"]
[Result "0-1"]
[WhiteElo "2129"]
[BlackElo "2277"]

1.e4 c5 2.Nf3 d6 3.d4 cxd4 4.Nxd4 Nf6 5.Nc3 a6 6.g3 e5 7.Nde2 Be6 8.Bg2 b5
9.O-O Nbd7 10.a4 b4 11.Nd5 Nxd5 12.exd5 Bf5 13.c3 bxc3 14.Nxc3 Be7 15.Be3 Rb8
16.Qd2 O-O 17.a5 Bg6 18.Na4 f5 19.f4 e4 20.Rfc1 Rb7 21.Bf1 Nb8 22.Nb6 Bf6
23.Rab1 Rc7 24.b4 Be8 25.b5 Bxb5 26.Bxb5 axb5 27.Rxb5 Na6 28.Nc4 Nc5 29.Nxd6 Nd3
30.Rxc7 Qxc7 31.Nb7 Qc4 32.Nd6 Qc7 33.Nb7 Qd7 34.Rb6 Qxd5 35.a6 h5 36.Qa5 Qc4
37.Nd6 Qc2 38.Qd5+ Kh8 39.Nf7+ Rxf7 40.Rb8+ Kh7 41.Bb6 Qd1+ 42.Kg2 Ne1+  0-1

[Event "Open"]
[Site "Callao PER"]
[Date "2007.08.12"]
[Round "7"]
[White "Sierra,M"]
[Black "Contreras,J"]
[Result "1/2-1/2"]
[WhiteElo "2248"]
[BlackElo "2201"]

1.e4 c5 2.Nf3 d6 3.d4 cxd4 4.Nxd4 Nf6 5.Nc3 a6 6.g3 e5 7.Nde2 Be7 8.Bg2 O-O
9.O-O Nbd7 10.h3 b5 11.a3 Bb7 12.Be3 Nc5 13.Bxc5 dxc5 14.f4 Bd6 15.Qd2 Qc7
16.Nd5 Bxd5 17.exd5 Rae8 18.Rae1 Re7 19.b3 Rfe8 20.c4 bxc4 21.bxc4 exf4 22.Nxf4 Rxe1
23.Rxe1 Rxe1+ 24.Qxe1 Bxf4 25.gxf4 Qxf4 26.Qe7 Qd4+ 27.Kh1 g6 28.d6 Kg7 29.Bd5 Nxd5
30.cxd5 Qxd5+ 31.Kh2 Qa2+ 32.Kg1 Qa1+ 33.Kg2 Qb2+ 34.Kh1 Qa1+  1/2-1/2

[Event "TCh-ESP CECLUB Norte Div 1"]
[Site "Sabadell ESP"]
[Date "2007.08.16"]
[Round "3"]
[White "Magem Badals,J"]
[Black "Hernando Rodrigo,Jo"]
[Result "1/2-1/2"]
[WhiteElo "2471"]
[BlackElo "2357"]

1.e4 c5 2.Nf3 d6 3.d4 cxd4 4.Nxd4 Nf6 5.Nc3 a6 6.g3 g6 7.Bg2 Bg7 8.O-O O-O
9.h3 Nc6 10.Nde2 Be6 11.a4 Rc8 12.Nd5 Bxd5 13.exd5 Ne5 14.b3 Qa5 15.Bd2 Qc5
16.c4 b5 17.Be3 Qb4 18.cxb5 axb5 19.axb5 Qxb5 20.Ra7 Rfe8 21.Nd4 Qb8 22.Qa1 Rc7
23.Rxc7 Qxc7 24.Rc1 Qb7 25.Qa5 Nd3 26.Rc4 Kf8 27.Qd2 Nc5 28.Rb4  1/2-1/2

[Event "X Open"]
[Site "Banyoles ESP"]
[Date "2007.08.20"]
[Round "5"]
[White "Sengupta,D"]
[Black "Feller,S"]
[Result "1-0"]
[WhiteElo "2435"]
[BlackElo "2478"]

1.e4 c5 2.Nf3 d6 3.d4 Nf6 4.Nc3 cxd4 5.Nxd4 a6 6.g3 e5 7.Nb3 Be7 8.Bg2 Be6
9.O-O O-O 10.a4 Nbd7 11.Re1 Qc7 12.Nd2 Rfc8 13.Nf1 Qc5 14.Ne3 Bd8 15.Qd3 Ba5
16.Rd1 Bxc3 17.bxc3 Qxc3 18.Qxc3 Rxc3 19.Rxd6 Rac8 20.Rb1 R3c7 21.Ba3 Rc3
22.Bb4 R3c6 23.h3 Rxd6 24.Bxd6 Rc6 25.Ba3 Rb6 26.Rd1 g5 27.Nd5 Nxd5 28.exd5 Bf5
29.Rc1 a5 30.g4 Bg6 31.Bf1 Nf6 32.d6 Be4 33.Bb5 Bc6 34.c4 Nd7 35.Rb1 Be4
36.Rb2 Rc6 37.Rb3 Rb6 38.f3 Bc6 39.c5 Ra6 40.Bxa6 bxa6 41.Rb6  1-0

[Event "1st Serbian League Women"]
[Site "Zlatibor SRB"]
[Date "2007.08.21"]
[Round "1"]
[White "Bojovic,J"]
[Black "Eric,J"]
[Result "0-1"]
[WhiteElo "1918"]
[BlackElo "2041"]

1.e4 c5 2.Nf3 d6 3.d4 cxd4 4.Nxd4 Nf6 5.Nc3 a6 6.g3 e5 7.Nb3 Bg4 8.Qd3 Nc6
9.a3 b5 10.Bg2 Be7 11.O-O Qd7 12.Re1 O-O 13.Nd1 Be6 14.Ne3 a5 15.Nd5 a4 16.Nd2 Rab8
17.Nf1 b4 18.Nfe3 Rfc8 19.Qa6 Bxd5 20.exd5 Nd4 21.axb4 Nxc2 22.Nxc2 Rxc2
23.Rxa4 Rbc8 24.Ra1 Qf5 25.Be3 Rxb2 26.Qb7 Re8 27.Rac1 h5 28.Rc7 Kf8 29.Rec1 Rb1
30.b5 Qd3 31.b6 Rxc1+ 32.Rxc1 e4 33.Qa7 Qxd5 34.b7 Qb3 35.Rc8 Qb1+ 36.Bf1 Nd7
37.Rxe8+ Kxe8 38.Bb6 Bd8 39.Bd4 f6 40.Qa6 Bc7 41.Qc6 Kd8 42.Kg2 Qd1 43.Qxe4 Qg4
44.Qd5 Bb8 45.Bb5 Ke7 46.Be3 Ne5 47.f4 Nd7 48.f5 Nf8 49.Bc4 Kd8 50.Bb6+ Kd7
51.Qf7+ Kc6 52.Bd5+  0-1

[Event "1st Serbian League Men"]
[Site "Zlatibor SRB"]
[Date "2007.08.28"]
[Round "7"]
[White "Zlatic,M"]
[Black "Jovicic,Milo"]
[Result "1-0"]
[WhiteElo "2450"]
[BlackElo "2347"]

1.e4 c5 2.Nf3 d6 3.d4 cxd4 4.Nxd4 Nf6 5.Nc3 a6 6.g3 e5 7.Nde2 Nbd7 8.Bg2 Be7
9.O-O b5 10.h3 Bb7 11.g4 b4 12.Nd5 Nxd5 13.exd5 h5 14.gxh5 Nf6 15.Ng3 Rc8
16.Be3 Qd7 17.a3 Rc4 18.axb4 Rxb4 19.Qd3 Nxh5 20.c4 Nxg3 21.fxg3 Rxb2 22.g4 Bc8
23.Rf3 O-O 24.Raf1 Qa4 25.Rc1 Rb3 26.Qe4 a5 27.Bf1 Qa3 28.Rd1 g6 29.Bc1 Qc5+
30.Be3 Qb4 31.Bd2 Qa4 32.Bh6 Rxf3 33.Qxf3 Re8 34.Bd3 Bd8 35.Rf1 Bb6+ 36.Kh1 Qd7
37.Qf6  1-0

[Event "Kalamaria Open"]
[Site "Thessaloniki GRE"]
[Date "2007.08.30"]
[Round "7"]
[White "Sengupta,D"]
[Black "Stocek,J"]
[Result "0-1"]
[WhiteElo "2435"]
[BlackElo "2572"]

1.e4 c5 2.Nf3 d6 3.d4 cxd4 4.Nxd4 Nf6 5.Nc3 a6 6.g3 e5 7.Nb3 Be7 8.Bg2 O-O
9.O-O b5 10.a4 Bb7 11.Re1 b4 12.Nd5 Nxd5 13.exd5 a5 14.Bd2 Bg5 15.f4 exf4
16.Qc1 Nd7 17.Bxf4 Bf6 18.Qe3 Nb6 19.Qf2 Bxb2 20.Be3 Nxd5 21.Bd4 Bxa1 22.Bxa1 Rb8
23.Qd4 Nc3 24.Bf1 Re8 25.Rxe8+ Qxe8 26.Nxa5 Qe4 27.Qxe4 Bxe4 28.Bc4 Ra8 29.Nb3 Rxa4
30.Bb2 d5 31.Nc5 dxc4 32.Bxc3 Ra2 33.Bxb4 Bxc2 34.h4 Bf5 35.Kf1 h5 36.Bc3 Rc2
37.Be5 c3 38.Nb3 Bd3+  0-1

[Event "LNA Copa Puma"]
[Site "Argentina ARG"]
[Date "2007.09.01"]
[Round "4"]
[White "Ginzburg,Ma"]
[Black "Vergagni,E"]
[Result "1-0"]
[WhiteElo "2455"]
[BlackElo "2198"]

1.e4 c5 2.Nf3 d6 3.d4 cxd4 4.Nxd4 Nf6 5.Nc3 a6 6.g3 e5 7.Nde2 b5 8.Bg2 Bb7
9.h3 Nbd7 10.g4 Nc5 11.Ng3 Ne6 12.O-O Rc8 13.Nd5 Nxd5 14.exd5 Nc5 15.f4 Nd7
16.c3 Be7 17.Nf5 O-O 18.a4 bxa4 19.Rxa4 Nc5 20.Ra3 g6 21.Nxe7+ Qxe7 22.fxe5 Qxe5
23.Bf4 Qe7 24.Qd4 Rfe8 25.c4 a5 26.Re3 Qf8 27.Rxe8 Rxe8 28.Qf6 Nd7 29.Qxd6 Qxd6
30.Bxd6 Nb6 31.b3 a4 32.Bc7 Nd7 33.bxa4 Rc8 34.d6 Bxg2 35.Kxg2 Re8 36.a5 Kf8
37.a6 Re2+ 38.Rf2 Re8 39.Ra2  1-0

[Event "17th ch-EU U18 Boys"]
[Site "Sibenik CRO"]
[Date "2007.09.14"]
[Round "1"]
[White "Edouard,R"]
[Black "Guramishvili,S"]
[Result "1-0"]
[WhiteElo "2483"]
[BlackElo "2273"]

1.e4 c5 2.Nf3 d6 3.d4 cxd4 4.Nxd4 Nf6 5.Nc3 a6 6.g3 e5 7.Nb3 Nbd7 8.Bg2 b5
9.O-O Bb7 10.Bd2 Be7 11.Nd5 Nxd5 12.exd5 Nf6 13.Ba5 Qd7 14.Bb4 Rc8 15.Na5 Ba8
16.a4 Bd8 17.axb5 Qxb5 18.Qd2 Bxd5 19.c4 Bxc4 20.Qxd6 e4 21.Bh3 Rc7 22.Nxc4 Qxc4
23.Qe5+ Be7 24.Bxe7  1-0

[Event "KNSB TCh-NED 2007-8"]
[Site "Netherlands NED"]
[Date "2007.09.15"]
[Round "1"]
[White "Hoolt,S"]
[Black "Rietman,F"]
[Result "1/2-1/2"]
[WhiteElo "2187"]
[BlackElo "2227"]

1.e4 c5 2.Nf3 d6 3.d4 cxd4 4.Nxd4 Nf6 5.Nc3 a6 6.g3 e5 7.Nde2 b5 8.Bg2 Bb7
9.O-O Nbd7 10.Nd5 Be7 11.Nec3 Nb6 12.Nxb6 Qxb6 13.a4 b4 14.a5 Qc7 15.Nd5 Bxd5
16.exd5 Rb8 17.Be3 Bd8 18.f4 exf4 19.Rxf4 O-O 20.Qd3 Qb7 21.Raf1 Qb5 22.Qd1 Re8
23.Qf3 Qxa5 24.Kh1 Qb5 25.g4 Bb6 26.Bxb6 Qxb6 27.g5 Nd7 28.Qh5 g6 29.Qh6 Re7
30.h4 Qd8 31.Rxf7 Rxf7 32.Rxf7 Kxf7 33.Qxh7+ Kf8 34.Qh8+  1/2-1/2

[Event "17th ch-EU U16 Boys"]
[Site "Sibenik CRO"]
[Date "2007.09.16"]
[Round "3"]
[White "Getz,N"]
[Black "Ivanov L.,S"]
[Result "0-1"]
[WhiteElo "2060"]
[BlackElo "2149"]

1.e4 c5 2.Nf3 d6 3.d4 cxd4 4.Nxd4 Nf6 5.Nc3 a6 6.g3 e5 7.Nb3 Be7 8.Bg2 O-O
9.a4 Be6 10.O-O Nbd7 11.Re1 Qc7 12.Nd2 Rfc8 13.Nf1 Rab8 14.Ne3 b5 15.axb5 axb5
16.Ncd5 Bxd5 17.exd5 Bf8 18.Bd2 Nb6 19.b3 g6 20.Qe2 Bh6 21.Ba5 Qc5 22.Bh3 Re8
23.c4 bxc4 24.Bxb6 Rxb6 25.bxc4 Reb8 26.Qf3 Kg7 27.Bf1 Rb2 28.Nd1 R8b3 29.Qg2 Rc2
30.h3 Qd4 31.Ra6 Qd2 32.Ne3 Bxe3 33.Re2 Qxe2 34.Bxe2 Rxe2  0-1

[Event "17th ch-EU U18 Boys"]
[Site "Sibenik CRO"]
[Date "2007.09.16"]
[Round "3"]
[White "Edouard,R"]
[Black "Szwed,J"]
[Result "1-0"]
[WhiteElo "2483"]
[BlackElo "2364"]

1.e4 c5 2.Nf3 d6 3.d4 Nf6 4.Nc3 cxd4 5.Nxd4 a6 6.g3 e5 7.Nb3 b5 8.Bg5 Nbd7
9.a4 b4 10.Nd5 Bb7 11.Bc4 Be7 12.Bxf6 Nxf6 13.Nxf6+ Bxf6 14.Bd5 Qc7 15.Bxb7 Qxb7
16.Qd3 Rc8 17.O-O O-O 18.Rfe1 Rfd8 19.Rad1 Qc6 20.Re2 Qxa4 21.Ra1 Qb5 22.Rxa6 Qxd3
23.cxd3 d5 24.Rb6 dxe4 25.dxe4 Be7 26.Na5 Rd6 27.Rxd6 Bxd6 28.Rd2 Bf8 29.Kf1 f6
30.Ke2 Kf7 31.Kd3 Ke6 32.f3 g6 33.Nc4 Bc5 34.Rc2 Bd4 35.Na5 Rxc2 36.Kxc2 Kd6
37.Kd3 Kc7 38.b3 Kb6 39.Nc4+ Kc6 40.f4 Kc5 41.Nd2 Bb2 42.f5 g5 43.Nf1 Bd4
44.g4 Bf2 45.Ke2 Bg1 46.Kd3 Bf2 47.h3 h6 48.Ke2 Bg1 49.Ng3 Kd4 50.Kd2 Bh2
51.Nh5 Kxe4 52.Nxf6+ Kd4 53.Ne8 Kd5 54.Nc7+ Kd6 55.Na6 e4 56.Nxb4 Bg1 57.Kc3 Kc5
58.Nc2 Kd5 59.b4 Bb6 60.b5 Bd8 61.Kb4 Bb6 62.Kc3 Bd8 63.Ne3+ Kc5 64.Nc4 Bf6+
65.Kb3 e3 66.Nxe3 Kxb5 67.Kc2 Kc5 68.Kd3 Kd6 69.Ke4 Bg7 70.Nf1 Be5 71.Ne3 Bg7
72.Nd5 Ba1 73.Nb6 Bf6 74.Nc4+ Kc5 75.Ne5 Kd6 76.Nf7+ Ke7 77.Nxh6 Bg7 78.f6+ Kxf6
79.Nf5 Bf8 80.Kd5 Ba3 81.Nd6 Bc1 82.Ne4+ Kg6 83.Ke6 Be3 84.Nd6 Bc1 85.Nc4 Kg7
86.Kf5 Kh6 87.Kf6 Bf4 88.Ne5 Kh7 89.Nf7 Bc1 90.Nxg5+ Kg8 91.h4 Bf4 92.h5 Bc1
93.Kg6 Bb2 94.h6  1-0

[Event "17th ch-EU U16 Boys"]
[Site "Sibenik CRO"]
[Date "2007.09.17"]
[Round "4"]
[White "Getz,N"]
[Black "Ivekovic,Z"]
[Result "1-0"]
[WhiteElo "2060"]
[BlackElo "2161"]

1.e4 c5 2.Nf3 d6 3.d4 cxd4 4.Nxd4 Nf6 5.Nc3 a6 6.g3 e5 7.Nb3 Nbd7 8.a4 b6
9.Bg2 Bb7 10.O-O Be7 11.Re1 Rc8 12.Nd2 Rc5 13.Nf1 Qa8 14.Qd3 O-O 15.Ne3 Rxc3
16.Qxc3 Bxe4 17.Bxe4 Qxe4 18.Nc4 Qb7 19.Bg5 Rc8 20.Bxf6 Nxf6 21.Qb3 Nd7 22.Rad1 Qc6
23.Ne3 Nc5 24.Qd5 g6 25.Qxc6 Rxc6 26.Nd5 Bf8 27.b3 f5 28.Nb4 Rc8 29.Nd5 b5
30.axb5 axb5 31.Ra1 Ne6 32.Ra7 Kh8 33.c4 bxc4 34.Rc1 e4 35.Rxc4 Rxc4 36.bxc4 h5
37.Nf6 Bg7 38.Re7 Bxf6 39.Rxe6 Kg7 40.Rxd6 Kf7 41.Ra6 Bd4 42.Kf1 g5 43.Ra5 Ke6
44.c5 h4 45.c6 Bb6 46.Rb5 Bc7 47.g4 Bxh2 48.gxf5+ Kf6 49.Rb7 Kxf5 50.c7 Bxc7
51.Rxc7 h3 52.Kg1 Kg4 53.Kh2 Kf3 54.Rf7+ Kg4 55.Rf8  1-0

[Event "17th ch-EU U18 Boys"]
[Site "Sibenik CRO"]
[Date "2007.09.20"]
[Round "7"]
[White "Genzling,A"]
[Black "Szwed,J"]
[Result "0-1"]
[WhiteElo "2255"]
[BlackElo "2364"]

1.e4 c5 2.Nf3 d6 3.d4 Nf6 4.Nc3 cxd4 5.Nxd4 a6 6.g3 e6 7.Bg2 Be7 8.O-O Qc7
9.Be3 O-O 10.f4 Nc6 11.Kh1 Bd7 12.Nb3 b5 13.a3 Rfe8 14.g4 Bc8 15.g5 Nd7 16.Qh5 Bf8
17.Rad1 Bb7 18.Rd3 g6 19.Qh4 b4 20.axb4 Nxb4 21.Rd2 Rad8 22.Rdf2 Re7 23.Qg3 Bg7
24.f5 exf5 25.Bf4 Nf8 26.exf5 gxf5 27.Rd2 Bxg2+ 28.Kxg2 Qc6+ 29.Qf3 Qxf3+
30.Kxf3 Ne6 31.Rxd6 Nxc2 32.Rxd8+ Nxd8 33.Rd1 Ne6 34.Nd5 Rb7 35.Na5 Rxb2
36.Nc6 Ncd4+ 37.Nxd4 Nxd4+ 38.Kg3 Rb3+ 39.Kg2 Rb2+ 40.Kg3 Rb3+ 41.Kg2 Ne6
42.Bg3 Nxg5 43.Ne7+ Kf8 44.Nxf5 Bf6 45.Rd6 Rb2+ 46.Kf1 Ne4 47.Rxa6 Bd8 48.Ra8 Ke8
49.Ng7+ Ke7 50.Bh4+ f6 51.Ra7+ Kd6 52.h3 Rh2 53.Ra3 Kc6 54.Kg1 Rc2 55.Nf5 Bb6+
56.Kf1 Rh2 57.Ne7+ Kc5 58.Nc8 Kb4 59.Rd3 Bc5 60.Be1+ Kc4 61.Rf3 Ra2 62.Rf4 Kd3
63.Rf3+ Be3 64.Ne7 Rh2 65.Bb4 Ng5 66.Rxf6 Rh1+ 67.Kg2 Rg1+ 68.Kh2 Ke2 69.Nd5 Nf3+
70.Rxf3 Kxf3 71.Nxe3 Rb1 72.Bc5 Rb2+ 73.Kg1 Kg3 74.Nf1+ Kxh3 75.Bf2 h5 76.Bd4 Rg2+
77.Kh1 Ra2 78.Kg1 Kg4 79.Be5 h4 80.Nh2+ Kf5 81.Bc7 Ke4 82.Bd6 h3 83.Bc7 Ke3
84.Bb6+ Ke2 85.Kh1 Ra1+ 86.Bg1 Re1 87.Ng4 Kf3  0-1

[Event "17th ch-EU U18 Boys"]
[Site "Sibenik CRO"]
[Date "2007.09.23"]
[Round "9"]
[White "Edouard,R"]
[Black "Levin,Ev"]
[Result "1-0"]
[WhiteElo "2483"]
[BlackElo "2421"]

1.e4 c5 2.Nf3 d6 3.d4 cxd4 4.Nxd4 Nf6 5.Nc3 a6 6.g3 e5 7.Nb3 Nbd7 8.a4 b6
9.Bg2 Bb7 10.Nd2 Nc5 11.Qe2 Rc8 12.Nc4 Be7 13.O-O Ne6 14.Be3 Nd4 15.Qd3 Qc7
16.Nd2 Ne6 17.Qe2 O-O 18.Nd5 Nxd5 19.exd5 Nd4 20.Bxd4 exd4 21.Rac1 Rfe8 22.Qd3 Bg5
23.f4 Be7 24.Rfe1 Bf6 25.Ne4 Qd8 26.Re2 Be7 27.Rce1 Bxd5 28.Ng5  1-0

[Event "Open"]
[Site "Miami USA"]
[Date "2007.09.29"]
[Round "6"]
[White "Bachmann,Ax"]
[Black "Sarkar,J"]
[Result "1-0"]
[WhiteElo "2466"]
[BlackElo "2403"]

1.e4 c5 2.Nf3 d6 3.d4 cxd4 4.Nxd4 Nf6 5.Nc3 a6 6.g3 Nc6 7.Bg2 Bd7 8.O-O e6
9.h3 Nxd4 10.Qxd4 Bc6 11.e5 dxe5 12.Bxc6+ bxc6 13.Qxe5 Be7 14.Rd1 Qb8 15.Bf4 Qxe5
16.Bxe5 Rd8 17.Na4 O-O 18.c4 Ne4 19.Bc7 Rd2 20.Rxd2 Nxd2 21.b3 Rc8 22.Bb6 Bd8
23.Be3 Ba5 24.Nc5 Bb6 25.Rd1 Rd8 26.Kg2 Rd6 27.Nb7  1-0

[Event "Open"]
[Site "Miami USA"]
[Date "2007.09.29"]
[Round "7"]
[White "Hernandez,Alex"]
[Black "Medina,Ro"]
[Result "0-1"]
[WhiteElo "2290"]
[BlackElo "2159"]

1.e4 c5 2.Nf3 d6 3.d4 cxd4 4.Nxd4 Nf6 5.Nc3 a6 6.g3 e5 7.Nde2 Be6 8.Bg2 b5
9.h3 Nbd7 10.g4 b4 11.Nd5 Bxd5 12.exd5 Nc5 13.O-O Qb6 14.Ng3 g6 15.g5 Nfd7
16.h4 h6 17.Be3 hxg5 18.hxg5 Rh4 19.Ne4 Be7 20.Qf3 Rxe4 21.Qxe4 Nxe4 22.Bxb6 Nxb6
23.Bxe4 Bxg5 24.a3 f5 25.Bg2 b3 26.cxb3 Ke7 27.Rfd1 a5 28.b4 a4 29.b3 e4
30.bxa4 Nxa4 31.Re1 Nc3 32.a4 Bd2 33.Reb1 Nxb1 34.Rxb1 Rxa4 35.b5 Rb4 36.Rxb4 Bxb4
37.b6 Bc5 38.b7 Ba7 39.Kh2 Kf6 40.f4 exf3 41.Bxf3 g5 42.Kg3 g4 43.Bd1 Kg5
44.Ba4 f4+ 45.Kg2 Kh4 46.Bd1 f3+ 47.Bxf3 gxf3+ 48.Kxf3 Kg5 49.Ke4 Kg6 50.Kf4 Kf6
51.Ke4 Kg5 52.Kd3 Kf5 53.Kc4 Ke5 54.Kb5 Kxd5 55.Ka6 Bb8 56.Kb6 Ke4  0-1

[Event "WJun Girls"]
[Site "Yerevan ARM"]
[Date "2007.10.05"]
[Round "3"]
[White "Hoolt,S"]
[Black "Gomes,Ma"]
[Result "1-0"]
[WhiteElo "2199"]
[BlackElo "2262"]

1.e4 c5 2.Nf3 d6 3.d4 cxd4 4.Nxd4 Nf6 5.Nc3 a6 6.g3 e5 7.Nde2 Nbd7 8.Bg2 b5
9.h3 Be7 10.g4 Bb7 11.Ng3 b4 12.Nd5 Nxd5 13.exd5 g6 14.Bh6 Qa5 15.O-O Nb6
16.a3 b3 17.cxb3 Bxd5 18.Ne4 Bxe4 19.Bxe4 d5 20.b4 Qb5 21.Bd3 Qc6 22.Bg7 Rg8
23.Bxe5 f6 24.Rc1 Qd7 25.Rc7 Qd8 26.Bg3 Kf8 27.Qe2 Bd6 28.Rxh7 Bxg3 29.Qe6  1-0

[Event "KNSB TCh-NED 2007-8"]
[Site "Netherlands NED"]
[Date "2007.10.06"]
[Round "2"]
[White "Rietman,F"]
[Black "Ringoir,T"]
[Result "1/2-1/2"]
[WhiteElo "2227"]
[BlackElo "2236"]

1.e4 c5 2.Nf3 d6 3.d4 cxd4 4.Nxd4 Nf6 5.Nc3 a6 6.g3 Nc6 7.Bg2 Bd7 8.O-O e6
9.h3 Be7 10.Be3 Rc8 11.a4 O-O 12.Nxc6 Bxc6 13.a5 d5 14.exd5 Nxd5 15.Nxd5 Bxd5
16.Bxd5 Qxd5 17.Qxd5 exd5 18.c3 Bc5 19.Rfe1 Rfd8 20.Rad1 Kf8 21.Bd4 Bxd4
22.Rxd4 Rc5 23.Ra1 Ke7 24.Rb4 Rd7 25.Kf1 Rc4 26.Raa4 Rxb4 27.Rxb4 Kd6 28.Ke2 Re7+
29.Kd3 Kc6 30.Rg4 f6 31.b4 g5 32.h4 h6 33.hxg5 hxg5 34.Kd2 Re5 35.Rd4 Re7
36.Rd3 Re5 37.Rf3 Re6 38.Kd3 b6 39.axb6 Kxb6 40.Rf5 Kc6 41.f3 Rd6 42.Kd4 Re6
43.Rxd5 Re1 44.Rc5+ Kd7 45.g4 Re6 46.Rf5 Ke7 47.c4 Kd7 48.c5 Kc6 49.Kc4 Kc7
50.Kd5 Kd7 51.f4 gxf4 52.Rxf4 Re5+ 53.Kd4 Rg5 54.Rxf6 Rxg4+ 55.Kc3 a5 56.bxa5 Kc7
57.Rb6 Ra4 58.a6 Ra1 59.Re6 Rc1+ 60.Kd4 Rd1+ 61.Ke4 Re1+ 62.Kf5 Rc1 63.Re5 Ra1
64.a7 Kc6 65.Re7 Kxc5 66.Ke6 Kb6 67.Kd6 Rxa7 68.Rxa7 Kxa7  1/2-1/2

[Event "WJun Girls"]
[Site "Yerevan ARM"]
[Date "2007.10.12"]
[Round "9"]
[White "Hoolt,S"]
[Black "Mongontuul,B"]
[Result "0-1"]
[WhiteElo "2199"]
[BlackElo "2405"]

1.e4 c5 2.Nf3 d6 3.d4 cxd4 4.Nxd4 Nf6 5.Nc3 a6 6.g3 e5 7.Nde2 b5 8.Bg2 Bb7
9.h3 Be7 10.g4 O-O 11.Ng3 b4 12.Nd5 Nxd5 13.exd5 Re8 14.O-O Nd7 15.Nf5 Bf8
16.a3 a5 17.Be3 Qc7 18.axb4 axb4 19.Qd2 Nb6 20.b3 Rec8 21.Rfe1 Kh8 22.Rxa8 Bxa8
23.Bxb6 Qxb6 24.Re4 Rb8 25.Rc4 g6 26.Ng3 Bg7 27.Ne2 Qa5 28.g5 f5 29.gxf6 Bxf6
30.Ng3 Bg7 31.Qg5 Bxd5 32.Bxd5 Qxd5 33.Rc7 Qd1+ 34.Kg2 Rf8 35.Qg4 Qd5+ 36.Qe4 Qd2
37.Qe2 Qg5 38.Qg4 Qd2 39.Qe2 Qc1 40.Qd3 Qf4 41.f3 d5 42.Ne2 Qg5+ 43.Ng3 e4
44.fxe4 Be5 45.Rc5 Qf4  0-1

[Event "IV Open"]
[Site "Calvia ESP"]
[Date "2007.10.16"]
[Round "2"]
[White "Cabrera,Al"]
[Black "Andersson,Tom"]
[Result "1-0"]
[WhiteElo "2499"]
[BlackElo "2273"]

1.e4 c5 2.Nf3 d6 3.d4 cxd4 4.Nxd4 Nf6 5.Nc3 a6 6.g3 e5 7.Nb3 Be6 8.Bg2 Be7
9.O-O Nbd7 10.a4 O-O 11.Re1 b6 12.Nd2 Qc7 13.Nf1 h6 14.Ne3 Nc5 15.f4 Rfc8
16.f5 Bd7 17.Ncd5 Qd8 18.Nxf6+ Bxf6 19.Qxd6 Nxa4 20.Nd5 Bb5 21.Qb4 Rc4 22.Qd2 Rac8
23.c3 Nc5 24.Qd1 Ba4 25.Rxa4 Nxa4 26.Bf1 Bg5 27.Bxc4 Rxc4 28.Bxg5 Qxg5 29.b3 Nxc3
30.Qd3 Nxd5 31.bxc4 Nb4 32.Qe3 Qd8 33.Rb1 a5 34.Kg2 Qd6 35.Rb2 Qc6 36.Qe2 Kh7
37.Rb1 Qd6 38.Rd1 Qc6 39.Rd8 a4 40.Rf8 Qd7 41.Qh5 Qd2+ 42.Kh3 Nd3 43.Rxf7 Nf2+
44.Kh4 Qg5+ 45.Qxg5 hxg5+ 46.Kh5 Nxe4 47.Ra7 Nd6 48.f6  1-0